| 000 | 01849 a2200277 4500 | ||
|---|---|---|---|
| 003 | Nust | ||
| 005 | 20230711090034.0 | ||
| 010 | _a 89034352 | ||
| 020 | _a0471857424 | ||
| 040 | _cNust | ||
| 082 | 0 | 0 | _a519.2,BIS |
| 100 | 1 |
_aOchi, Michel K. _9113506 |
|
| 245 | 1 | 0 |
_aApplied probability and stochastic processes in engineering and physical sciences / _cMichel K. Ochi. |
| 260 |
_aNew York : _bWiley, _cc1990. |
||
| 300 |
_axvi, 499 p. : _bill. ; _c24 cm. |
||
| 440 | 0 | _aWiley series in probability and mathematical statistics. | |
| 505 | _aElements Probability (Page-1), Random Variables and their probability Distributions (Page-13), Moments of Random Variables (Page-43), Moment Generic Functions Characteristic Factions and Their Applications (Page-73), Discrete Random variables and Their Distributions (Page-91), Contiguous random variables and their Distributions (Page-111), Transformations of random variables (Page-138), Extreme value Statistics (Page-168), Stochastic Process (Page-201), Spectral Analysis of Stochastic Processors (Page-211), Amplitude and Periods of Gaussian random Processes (Page-267), Statistical Analysis of time series data (Page-317), Wiener Levy and Markov Processes (Page-335), Linear systems and Stochastic Prediction (Page-366), Nonlinear Systems and Stochastic Predications (Page-387), Non Gaussin Stochastic Processes (Page-411), Counting Stochastic Processes (Page-423). | ||
| 650 | 0 |
_aEngineering _xStatistical methods. _9129 |
|
| 650 | 0 | _aProbabilities. | |
| 650 | 0 |
_aScience _xStatistical methods. _934497 |
|
| 650 | 0 | _aStochastic processes. | |
| 650 | 0 |
_aStochastic processes. _9113507 |
|
| 856 | 4 | 2 |
_3Publisher description _uhttp://www.loc.gov/catdir/description/wiley031/89034352.html |
| 856 | 4 | 2 |
_3Table of Contents _uhttp://www.loc.gov/catdir/toc/onix01/89034352.html |
| 942 |
_2ddc _cBKB |
||
| 999 |
_c194316 _d194316 |
||